Statistics for Lloyd Banks Discography

Click here to take the quiz!

General Stats

  • This quiz has been taken 5 times
  • The average score is 6 of 19

Answer Stats

YearNameType% Correct
2006Rotten AppleAlbum
100%
2004The Hunger for MoreAlbum
100%
2008Halloween HavocMixtape
67%
2015Halloween Havoc 2Mixtape
67%
2010H.F.M. 2 (The Hunger for More 2)Album
67%
2003Money In The BankMixtape
67%
2004Cashing InMixtape
33%
2016Halloween Havoc 3: Four Days of FuryMixtape
33%
2003Mo' Money In The BankMixtape
33%
2009The Cold CornerMixtape
33%
2011The Cold Corner 2Mixtape
33%
20094-30-09 (Happy Birthday)Mixtape
0%
2013All or Nothing: Failure's No OptionMixtape
0%
2016All or Nothing: Live It UpMixtape
0%
2006Gang Green Season Continues (The Final Chapter)Mixtape
0%
2006Gang Green Season Starts NowMixtape
0%
2008Return of the P.L.K.Mixtape
0%
2009V.5Mixtape
0%
2012V.6: The GiftMixtape
0%

Score Distribution

Percentile by Number Answered

Percent of People with Each Score

Your Score History

You have not taken this quiz